<?xml version='1.0' encoding='UTF-8'?><?xml-stylesheet href='static/style.xsl' type='text/xsl'?><OAI-PMH xmlns="http://www.openarchives.org/OAI/2.0/" xmlns:xsi="http://www.w3.org/2001/XMLSchema-instance" xsi:schemaLocation="http://www.openarchives.org/OAI/2.0/ http://www.openarchives.org/OAI/2.0/OAI-PMH.xsd"><responseDate>2026-05-01T00:25:40Z</responseDate><request verb="GetRecord" identifier="oai:ebiltegia.mondragon.edu:20.500.11984/4087" metadataPrefix="marc">https://ebiltegia.mondragon.edu/oai/request</request><GetRecord><record><header><identifier>oai:ebiltegia.mondragon.edu:20.500.11984/4087</identifier><datestamp>2024-01-04T21:56:53Z</datestamp><setSpec>com_20.500.11984_1736</setSpec><setSpec>com_20.500.11984_1627</setSpec><setSpec>col_20.500.11984_1972</setSpec></header><metadata><record xmlns="http://www.loc.gov/MARC21/slim" xmlns:dcterms="http://purl.org/dc/terms/" xmlns:xsi="http://www.w3.org/2001/XMLSchema-instance" xmlns:doc="http://www.lyncode.com/xoai" xsi:schemaLocation="http://www.loc.gov/MARC21/slim http://www.loc.gov/standards/marcxml/schema/MARC21slim.xsd">
   <leader>00925njm 22002777a 4500</leader>
   <datafield ind2=" " ind1=" " tag="042">
      <subfield code="a">dc</subfield>
   </datafield>
   <datafield ind2=" " ind1=" " tag="720">
      <subfield code="a">Mondragon Unibertsitatea</subfield>
      <subfield code="e">author</subfield>
   </datafield>
   <datafield ind2=" " ind1=" " tag="260">
      <subfield code="c">2014-12-01</subfield>
   </datafield>
   <datafield ind2=" " ind1=" " tag="520">
      <subfield code="a">Abenduaren 10ean, Mondragon Unibertsitateko Aretxabaletako campusean, Gertuko komunikabideen 2. jardunaldia egingo da. Bigarren edizio honen ardatza hedabideen balio sozial izango da. Jardunaldia irekia da eta bertan parte hartuko dute, Euskal Herriko ordezkariez gain, Andaluziatik eta Kataluniatik etorritako adituak.</subfield>
   </datafield>
   <datafield ind2=" " ind1=" " tag="520">
      <subfield code="a">El próximo 10 de diciembre de 2014 se celebrará la Segunda jornada sobre medios de proximidad, organizada por el grupo de investigación Hezikom de la Facultad de Humanidades y Ciencias de la Educación de MONDRAGON UNIBERTSITATEA. El objetivo de dicha jornada es conocer y reflexionar sobre la situación de los medios de proximidad tanto dentro como fuera de Euskal Herria, así como servir de punto de encuentro entre representantes del sector de la comunicación, la administración pública y la universidad.</subfield>
   </datafield>
   <datafield ind1="8" ind2=" " tag="024">
      <subfield code="a">https://hdl.handle.net/20.500.11984/4087</subfield>
   </datafield>
   <datafield tag="653" ind2=" " ind1=" ">
      <subfield code="a">Humanitate eta Hezkuntza Zientzien Fakultatea</subfield>
   </datafield>
   <datafield ind2="0" ind1="0" tag="245">
      <subfield code="a">Hedabideen balio soziala aztergai, Aretxabaletako campusean egingo den Gertuko komunikabideen 2. jardunaldian</subfield>
   </datafield>
   <datafield ind2="0" ind1="0" tag="245">
      <subfield code="a">La responsabilidad social de los medios a debate en la II. Jornada sobre medios de proximidad que se celebrará en el campus de Aretxabaleta</subfield>
   </datafield>
</record></metadata></record></GetRecord></OAI-PMH>